[Event "SVK Extraliga 2019-20"]
[Site "Slovakia"]
[Date "2020.09.06"]
[Round "11.2"]
[White "Kriebel, Tadeas"]
[Black "Malinovsky, Karel"]
[Result "1/2-1/2"]
[WhiteElo "2519"]
[BlackElo "2474"]
[Annotator "TA"]
[PlyCount "92"]
[EventDate "2019.10.19"]
[EventType "team-tourn"]
[EventCountry "SVK"]
[SourceTitle "playchess.com"]
[Source "ChessBase"]
[SourceQuality "1"]
[WhiteTeam "Snina"]

1. d4 d5 2. c4 e6 3. g3 Nf6 4. Bg2 Be7 5. Nf3 O-O 6. O-O dxc4 7. Qc2 c6 8. Qxc4 b5 9. Qc2 Bb7 10. Bg5 Nbd7 11. Nc3 Rc8 12. Rfd1 Qb6 13. e4 c5 14. d5 exd5 15. e5 d4 16. exf6 Nxf6 17. Bxf6 Qxf6 18. Ne4 Qf5 19. Nfd2 c4 20. Nf6+ Qxf6 21. Bxb7 d3 22. Qc3 Rc7 23. Bg2 Qb6 24. Nf1 b4 25. Qe1 Bc5 26. Rd2 Rd8 27. Qe4 Qa6 28. Rad1 Rcd7 29. Rc1 Rd4 30. Qf3 Qxa2 31. Rcd1 Qa6 32. Rc1 Qa5 33. Rcd1 Qb5 34. Rc1 Qa5 35. Rcd1 b3 36. Ne3 c3 37. bxc3 Qxc3 38. Nf5 R4d7 39. Bf1 b2 40. Rxd3 Qxd3 41. Nh6+ gxh6 42. Rxd3 b1=Q 43. Qg4+ Kf8 44. Rxd7 Rxd7 45. Qxd7 Qc2 46. Qc8+ Kg7 1/2-1/2

[Event "SVK Extraliga 2019-20"]
[Site "Slovakia"]
[Date "2020.09.06"]
[Round "11.2"]
[White "Pechac, Jergus"]
[Black "Polak, Tomas"]
[Result "1-0"]
[WhiteElo "2516"]
[BlackElo "2563"]
[Annotator "TA"]
[PlyCount "101"]
[EventDate "2019.10.19"]
[EventType "team-tourn"]
[EventCountry "SVK"]
[SourceTitle "playchess.com"]
[Source "ChessBase"]
[SourceQuality "1"]
[WhiteTeam "Zilina"]
[BlackTeam "Podhajska"]

1. Nf3 Nf6 2. c4 e6 3. Nc3 d5 4. d4 Nbd7 5. Bg5 h6 6. Bh4 dxc4 7. e3 Nb6 8. Ne5 Be7 9. Nxc4 Nbd5 10. Be2 O-O 11. O-O Nxc3 12. bxc3 Nd5 13. Bxe7 Qxe7 14. Qd2 Rd8 15. a4 Bd7 16. Rfb1 Rab8 17. Bf3 Be8 18. h3 Qg5 19. g3 b6 20. h4 Qe7 21. Kg2 a5 22. Rh1 Nf6 23. Ne5 Nh7 24. Qe2 Nf8 25. Rhc1 Kh8 26. Be4 Rd6 27. Qf3 Nh7 28. Rab1 f6 29. Nc6 Bxc6 30. Bxc6 e5 31. Rb5 Rf8 32. Be4 f5 33. Bb1 e4 34. Qf4 Rdf6 35. Rh1 Qd7 36. c4 Rg6 37. Rd5 Rd6 38. Rb5 Rg6 39. c5 Nf6 40. c6 Qxc6 41. Qxf5 Rg4 42. Re5 Qxa4 43. Rc1 Qb4 44. Re6 Qb2 45. Rxc7 Nd7 46. Re8 Rxe8 47. Qxd7 Rf8 48. Bc2 h5 49. Qd5 Rg6 50. Qxe4 Rh6 51. Rc6 1-0

[Event "SVK Extraliga 2019-20"]
[Site "Slovakia"]
[Date "2020.09.06"]
[Round "11.2"]
[White "Tazbir, Marcin"]
[Black "Nemeth, Miklos"]
[Result "1/2-1/2"]
[WhiteElo "2510"]
[BlackElo "2486"]
[Annotator "TA"]
[PlyCount "46"]
[EventDate "2019.10.19"]
[EventType "team-tourn"]
[EventCountry "SVK"]
[SourceTitle "playchess.com"]
[Source "ChessBase"]
[SourceQuality "1"]
[WhiteTeam "Dunajov"]
[BlackTeam "Streda"]

1. c4 e5 2. g3 Nf6 3. Bg2 d5 4. cxd5 Nxd5 5. Nc3 Nb6 6. d3 Be7 7. Nf3 Nc6 8. a3 O-O 9. O-O Re8 10. b4 Bf8 11. Bb2 a5 12. b5 Nd4 13. e3 Nxf3+ 14. Bxf3 a4 15. Rc1 Ra7 16. Qe2 Be6 17. Ne4 Bd5 18. Nc3 Bb3 19. Ne4 Ra5 20. Nc3 Nd5 21. Nxd5 Bxd5 22. Bxd5 Qxd5 23. Rxc7 Rxb5 1/2-1/2

[Event "SVK Extraliga 2019-20"]
[Site "Slovakia"]
[Date "2020.09.06"]
[Round "11.2"]
[White "Matuszewski, Michal"]
[Black "Balogh, Csaba"]
[Result "1/2-1/2"]
[WhiteElo "2508"]
[BlackElo "2580"]
[Annotator "TA"]
[PlyCount "68"]
[EventDate "2019.10.19"]
[EventType "team-tourn"]
[EventCountry "SVK"]
[SourceTitle "playchess.com"]
[Source "ChessBase"]
[SourceQuality "1"]
[BlackTeam "Modra"]

1. d4 Nf6 2. Bg5 d5 3. Nd2 c5 4. Bxf6 gxf6 5. dxc5 Na6 6. e4 Nxc5 7. Qh5 Qb6 8. O-O-O f5 9. exd5 Bh6 10. Kb1 Bxd2 11. Rxd2 Ne4 12. Nf3 Nxd2+ 13. Nxd2 Bd7 14. Qf3 Qb4 15. c3 Qg4 16. Bd3 Qxf3 17. Nxf3 Rg8 18. g3 e6 19. Re1 O-O-O 20. Ne5 Rg7 21. Kc2 exd5 22. Nxd7 Kxd7 23. Bxf5+ Kd6 24. h4 h6 25. Re3 Rgg8 26. Rf3 Ke7 27. Kd3 Rd6 28. Kd4 Ra6 29. a3 Rb6 30. b4 Ra6 31. Re3+ Kf6 32. Rf3 Ke7 33. Re3+ Kf6 34. Rf3 Ke7 1/2-1/2

[Event "SVK Extraliga 2019-20"]
[Site "Slovakia"]
[Date "2020.09.06"]
[Round "11.2"]
[White "Nayhebaver, Martin"]
[Black "Macko, Miroslav"]
[Result "1-0"]
[WhiteElo "2476"]
[BlackElo "2277"]
[Annotator "RC"]
[PlyCount "51"]
[EventDate "2019.10.19"]
[EventType "team-tourn"]
[EventCountry "SVK"]
[SourceTitle "playchess.com"]
[Source "ChessBase"]
[SourceQuality "1"]
[WhiteTeam "Zilina"]

1. e4 d5 2. exd5 Qxd5 3. Nc3 Qd6 4. d4 Nf6 5. Nf3 c6 6. Ne5 Nbd7 7. Nc4 Qc7 8. Qf3 Nb6 9. Bf4 Qd8 10. Nxb6 Qxb6 11. Bc4 Qxd4 12. Bb3 e5 13. Bg5 Bg4 14. Qg3 Be7 15. h3 Ne4 16. Nxe4 Qxe4+ 17. Be3 Bh5 18. O-O O-O 19. Rfe1 Qf5 20. Bd4 exd4 21. Rxe7 b5 22. Re5 Qg6 23. Qh4 Bf3 24. Rg5 Qe4 25. Qg3 Be2 26. Re5 1-0

[Event "SVK Extraliga 2019-20"]
[Site "Slovakia"]
[Date "2020.09.06"]
[Round "11.3"]
[White "Kozak, Adam"]
[Black "Zilka, Stepan"]
[Result "1/2-1/2"]
[WhiteElo "2503"]
[BlackElo "2564"]
[Annotator "TA"]
[PlyCount "55"]
[EventDate "2019.10.19"]
[EventType "team-tourn"]
[EventCountry "SVK"]
[SourceTitle "playchess.com"]
[Source "ChessBase"]
[SourceQuality "1"]
[WhiteTeam "Modra"]
[BlackTeam "Prakovce"]

1. Nf3 d5 2. c4 d4 3. b4 c5 4. e3 dxe3 5. fxe3 cxb4 6. d4 e6 7. Bd3 Nc6 8. O-O Nf6 9. Bb2 Bd6 10. e4 e5 11. d5 Ne7 12. Nxe5 Qc7 13. Nxf7 Bxh2+ 14. Kh1 Bg4 15. Qe1 Nh5 16. e5 Bg3 17. Qe3 O-O 18. Qe4 Bf5 19. Rxf5 Nxf5 20. Qxf5 g6 21. Nh6+ Kg7 22. Qg5 Bf4 23. e6+ Nf6 24. Nf5+ Kg8 25. Nh6+ Kg7 26. Nf5+ Kg8 27. Nh6+ Kg7 28. Nf5+ 1/2-1/2

[Event "SVK Extraliga 2019-20"]
[Site "Slovakia"]
[Date "2020.09.06"]
[Round "11.3"]
[White "Pacher, Milan"]
[Black "Holtman, Teodor"]
[Result "1-0"]
[WhiteElo "2400"]
[BlackElo "2241"]
[Annotator "TA"]
[PlyCount "49"]
[EventDate "2019.10.19"]
[EventType "team-tourn"]
[EventCountry "SVK"]
[SourceTitle "playchess.com"]
[Source "ChessBase"]
[SourceQuality "1"]
[WhiteTeam "Slovan"]
[BlackTeam "Snina"]

1. e4 e6 2. d4 d5 3. Nd2 Nf6 4. e5 Nfd7 5. Bd3 c5 6. c3 Nc6 7. Ngf3 Be7 8. O-O a6 9. Re1 b5 10. Nf1 c4 11. Bc2 Nb6 12. Be3 Bd7 13. Qd2 h6 14. Ng3 a5 15. Nh5 Kf8 16. h3 b4 17. Nh2 Bg5 18. f4 Be7 19. g4 g6 20. Ng3 Bh4 21. Kg2 h5 22. Nf3 b3 23. Bd1 Ke8 24. Nxh4 Qxh4 25. g5 1-0

[Event "SVK Extraliga 2019-20"]
[Site "Slovakia"]
[Date "2020.09.06"]
[Round "11.3"]
[White "Motuz, Karol"]
[Black "Miesbauer, Jan"]
[Result "1/2-1/2"]
[WhiteElo "2348"]
[BlackElo "2400"]
[Annotator "TA"]
[PlyCount "27"]
[EventDate "2019.10.19"]
[EventType "team-tourn"]
[EventCountry "SVK"]
[SourceTitle "playchess.com"]
[Source "ChessBase"]
[SourceQuality "1"]
[WhiteTeam "Dubnica"]

1. d4 d5 2. Bf4 Nf6 3. e3 e6 4. Nf3 Bd6 5. Bg3 O-O 6. Bd3 b6 7. Nbd2 Bb7 8. c3 c5 9. Bxd6 Qxd6 10. Ne5 Nc6 11. f4 Ne7 12. Qf3 Qd8 13. g4 Qc8 14. h4 1/2-1/2

[Event "SVK Extraliga 2019-20"]
[Site "Slovakia"]
[Date "2020.09.06"]
[Round "11.3"]
[White "Chovan, Milan"]
[Black "Bernasek, Jan"]
[Result "1/2-1/2"]
[WhiteElo "2328"]
[BlackElo "2494"]
[Annotator "TA"]
[PlyCount "118"]
[EventDate "2019.10.19"]
[EventType "team-tourn"]
[EventCountry "SVK"]
[SourceTitle "playchess.com"]
[Source "ChessBase"]
[SourceQuality "1"]
[WhiteTeam "Podhajska"]

1. d4 d5 2. c4 e6 3. Nc3 Nf6 4. cxd5 exd5 5. Bg5 c6 6. Qc2 Be7 7. e3 O-O 8. Bd3 Nbd7 9. Nge2 Re8 10. O-O Nf8 11. f3 g6 12. Rad1 Ne6 13. Bh4 b5 14. Kh1 Bb7 15. a3 a5 16. Bf2 b4 17. axb4 axb4 18. Na4 Qa5 19. b3 c5 20. dxc5 Nxc5 21. Nxc5 Bxc5 22. Qb2 Nd7 23. Ra1 Qb6 24. Nd4 Ne5 25. Be2 Nc6 26. Rfc1 Nxd4 27. exd4 Bf8 28. Qd2 Ra3 29. Rab1 Ba6 30. Bd1 Qb5 31. Bg1 Qd3 32. Qxd3 Bxd3 33. Bc2 Bb5 34. Re1 Rc8 35. Rb2 Bh6 36. Rd1 Ra6 37. h4 Bf4 38. Bh2 Be3 39. Bg1 Re6 40. Bxe3 Rxe3 41. Rd2 Rcc3 42. Kh2 Kg7 43. Kg3 Re1 44. Ra2 Kf6 45. Ra5 Re2 46. Rxe2 Bxe2 47. Ra2 Bd3 48. Bd1 Bf5 49. Rd2 h6 50. Kf2 g5 51. hxg5+ hxg5 52. Ke1 Bg6 53. Ra2 Rc1 54. Kd2 Rb1 55. g4 Kg7 56. Ra4 Rb2+ 57. Kc1 Rb1+ 58. Kd2 Rb2+ 59. Kc1 Rb1+ 1/2-1/2

[Event "SVK Extraliga 2019-20"]
[Site "Slovakia"]
[Date "2020.09.06"]
[Round "11.3"]
[White "Rohacek, Miroslav"]
[Black "Tauber, Marek"]
[Result "1/2-1/2"]
[WhiteElo "2212"]
[BlackElo "2058"]
[Annotator "RC"]
[PlyCount "163"]
[EventDate "2019.10.19"]
[EventType "team-tourn"]
[EventCountry "SVK"]
[SourceTitle "playchess.com"]
[Source "ChessBase"]
[SourceQuality "1"]
[WhiteTeam "Osuske"]
[BlackTeam "Kosice"]

1. e4 e5 2. Nf3 d6 3. d4 Nf6 4. Nc3 Nbd7 5. Bc4 Be7 6. O-O O-O 7. Re1 c6 8. a4 b6 9. h3 a6 10. Bb3 Bb7 11. Bg5 h6 12. Be3 Re8 13. dxe5 dxe5 14. Qe2 b5 15. Rad1 Qc7 16. Nh4 Nc5 17. Ba2 Rad8 18. Nf5 Bc8 19. axb5 axb5 20. g4 Rxd1 21. Rxd1 Be6 22. f3 Bxa2 23. Nxa2 Ne6 24. Nc1 Bc5 25. Bxc5 Nxc5 26. Qe3 Ne6 27. Ne2 Rd8 28. Rd2 Kh7 29. Kf2 Rd7 30. b4 Qd8 31. Rd3 Rxd3 32. Qxd3 Qxd3 33. cxd3 g6 34. Ne7 c5 35. bxc5 Nxc5 36. Ke3 Kg7 37. Nc6 Nfd7 38. d4 exd4+ 39. Nexd4 Kf6 40. Nxb5 Kg5 41. Nd6 Kf6 42. f4 Kg7 43. Nd8 f6 44. Kd4 Kf8 45. Nc6 Ne6+ 46. Ke3 g5 47. fxg5 hxg5 48. Kf3 Kg7 49. Nf5+ Kf7 50. Ncd4 Ne5+ 51. Kg3 Nxd4 52. Nxd4 Ke7 53. h4 gxh4+ 54. Kxh4 Nd3 55. Kg3 Kd6 56. Kf3 Ke5 57. Ke3 Nc5 58. Nf3+ Ke6 59. Nd2 Ke5 60. Nc4+ Ke6 61. Kd4 Nb3+ 62. Kd3 Nc5+ 63. Ke3 Nb3 64. Nb2 Nc5 65. Nd3 Nb3 66. Kf4 Nd4 67. Nb4 Ne2+ 68. Ke3 Nc3 69. Nd3 Kd6 70. Kf4 Ke6 71. Nc5+ Kd6 72. Nb3 Ke6 73. Nd4+ Kf7 74. Kf5 Nd1 75. Nc2 Ke7 76. e5 fxe5 77. g5 Kf7 78. g6+ Kg7 79. Kg5 Nc3 80. Ne3 Ne4+ 81. Kh5 Nf6+ 82. Kg5 1/2-1/2

[Event "SVK Extraliga 2019-20"]
[Site "Slovakia"]
[Date "2020.09.06"]
[Round "11.4"]
[White "Druska, Juraj"]
[Black "Vymazal, Bronislav"]
[Result "1/2-1/2"]
[WhiteElo "2500"]
[BlackElo "2351"]
[Annotator "TA"]
[PlyCount "89"]
[EventDate "2019.10.19"]
[EventType "team-tourn"]
[EventCountry "SVK"]
[SourceTitle "playchess.com"]
[Source "ChessBase"]
[SourceQuality "1"]
[WhiteTeam "Prakovce"]
[BlackTeam "Podhajska"]

1. e4 c5 2. Nf3 Nc6 3. d4 cxd4 4. Nxd4 e6 5. Nc3 Qc7 6. g3 a6 7. Bg2 Nf6 8. O-O Nxd4 9. Qxd4 Bc5 10. Bf4 d6 11. Qd2 h6 12. Rad1 e5 13. Be3 Bg4 14. Bxc5 dxc5 15. Rde1 Rd8 16. Nd5 Nxd5 17. exd5 O-O 18. f4 exf4 19. Rxf4 Bd7 20. d6 Qb6 21. Bd5 Kh8 22. Bxf7 Qxb2 23. Bg6 Rf6 24. Rxf6 Qxf6 25. Be4 Bh3 26. Rd1 b6 27. Qf4 Qxf4 28. gxf4 Bd7 29. Bg6 Be6 30. f5 Bxa2 31. Re1 Kg8 32. d7 Bf7 33. Re8+ Bxe8 34. dxe8=Q+ Rxe8 35. Bxe8 Kf8 36. Bc6 Ke7 37. Kf2 Kd6 38. Be8 Ke5 39. Ke3 Kxf5 40. c4 g5 41. Bd7+ Ke5 42. Bc8 b5 43. Bxa6 bxc4 44. Bxc4 g4 45. Bf7 1/2-1/2

[Event "SVK Extraliga 2019-20"]
[Site "Slovakia"]
[Date "2020.09.06"]
[Round "11.4"]
[White "Mikrut, Dariusz"]
[Black "Stohl, Igor"]
[Result "1/2-1/2"]
[WhiteElo "2390"]
[BlackElo "2465"]
[Annotator "TA"]
[PlyCount "33"]
[EventDate "2019.10.19"]
[EventType "team-tourn"]
[EventCountry "SVK"]
[SourceTitle "playchess.com"]
[Source "ChessBase"]
[SourceQuality "1"]
[WhiteTeam "Prakovce"]
[BlackTeam "Modra"]

1. d4 Nf6 2. c4 e6 3. Nf3 d5 4. g3 Bb4+ 5. Bd2 Be7 6. Bg2 O-O 7. Qc2 Nbd7 8. O-O c6 9. Bf4 b6 10. Nbd2 Nh5 11. e3 Bb7 12. cxd5 Nxf4 13. exf4 cxd5 14. Rfc1 Rc8 15. Qd1 Rxc1 16. Rxc1 Qb8 17. Bf1 1/2-1/2

[Event "SVK Extraliga 2019-20"]
[Site "Slovakia"]
[Date "2020.09.06"]
[Round "11.4"]
[White "Neuman, Petr"]
[Black "Piesik, Piotr"]
[Result "1/2-1/2"]
[WhiteElo "2385"]
[BlackElo "2418"]
[Annotator "TA"]
[PlyCount "40"]
[EventDate "2019.10.19"]
[EventType "team-tourn"]
[EventCountry "SVK"]
[SourceTitle "playchess.com"]
[Source "ChessBase"]
[SourceQuality "1"]
[WhiteTeam "Liptovska"]
[BlackTeam "Dubnica"]

1. d4 Nf6 2. Bg5 e6 3. c3 d5 4. Nd2 c5 5. e3 Nbd7 6. Ngf3 Be7 7. Bd3 b6 8. O-O Bb7 9. Ne5 Nxe5 10. dxe5 Nd7 11. Bxe7 Qxe7 12. f4 O-O 13. Nf3 h6 14. a4 a6 15. Bc2 f5 16. exf6 Qxf6 17. Qd3 Qf5 18. Qxf5 exf5 19. Nh4 d4 20. Nxf5 dxe3 1/2-1/2

[Event "SVK Extraliga 2019-20"]
[Site "Slovakia"]
[Date "2020.09.06"]
[Round "11.4"]
[White "Krak, Tomas"]
[Black "Kostolansky, Sebastian Lukas"]
[Result "1/2-1/2"]
[WhiteElo "2326"]
[BlackElo "2395"]
[Annotator "TA"]
[PlyCount "33"]
[EventDate "2019.10.19"]
[EventType "team-tourn"]
[EventCountry "SVK"]
[SourceTitle "playchess.com"]
[Source "ChessBase"]
[SourceQuality "1"]
[WhiteTeam "Snina"]
[BlackTeam "Slovan"]

1. Nf3 Nf6 2. c4 e6 3. g3 b6 4. Bg2 Bb7 5. O-O Be7 6. d4 d5 7. cxd5 exd5 8. Nc3 O-O 9. Bf4 Na6 10. Rc1 c5 11. dxc5 bxc5 12. Qb3 Qb6 13. Nd2 Rfe8 14. Na4 Qxb3 15. Nxb3 Rac8 16. Bh3 Rcd8 17. Naxc5 1/2-1/2

[Event "SVK Extraliga 2019-20"]
[Site "Slovakia"]
[Date "2020.09.06"]
[Round "11.4"]
[White "Matejovic, Juraj"]
[Black "Bagi, Mate"]
[Result "0-1"]
[WhiteElo "2239"]
[BlackElo "2478"]
[Annotator "TA"]
[PlyCount "76"]
[EventDate "2019.10.19"]
[EventType "team-tourn"]
[EventCountry "SVK"]
[SourceTitle "playchess.com"]
[Source "ChessBase"]
[SourceQuality "1"]
[WhiteTeam "Dunajov"]
[BlackTeam "Streda"]

1. e4 e5 2. Nf3 Nc6 3. Bb5 a6 4. Bxc6 dxc6 5. O-O Bd6 6. d4 exd4 7. Qxd4 f6 8. Be3 Be6 9. Nbd2 Ne7 10. Rfd1 Ng6 11. Nc4 Bxc4 12. Qxc4 Qe7 13. Bd4 O-O-O 14. Bc3 Rhe8 15. Re1 Ne5 16. Bxe5 Bxe5 17. Rab1 g5 18. Re2 g4 19. Nh4 Rd4 20. Qb3 Qd7 21. c3 Rd2 22. Rbe1 Rd8 23. g3 Kb8 24. Nf5 Qd3 25. Rxd2 Qxd2 26. Kf1 Qd3+ 27. Kg1 Qd2 28. Kf1 Qd3+ 29. Kg1 h5 30. Nh4 c5 31. Ng2 c4 32. Qa4 Qd2 33. Rb1 Qe2 34. Ne3 Rd2 35. Rf1 Rxb2 36. Qe8+ Ka7 37. Nd5 Bd6 38. Nxf6 Bc5 0-1

[Event "SVK Extraliga 2019-20"]
[Site "Slovakia"]
[Date "2020.09.06"]
[Round "11.4"]
[White "Tropp, Lukas"]
[Black "Kralovic, Andrej"]
[Result "0-1"]
[WhiteElo "2130"]
[BlackElo "2211"]
[Annotator "ChessBase"]
[PlyCount "76"]
[EventDate "2019.10.19"]
[EventType "team-tourn"]
[EventCountry "SVK"]
[SourceTitle "playchess.com"]
[Source "ChessBase"]
[SourceQuality "1"]
[WhiteTeam "Kosice"]

1. e4 d5 2. exd5 Qxd5 3. Nc3 Qd6 4. d4 Nf6 5. Nf3 c6 6. Ne5 Nbd7 7. Nc4 Qc7 8. Qf3 g6 9. Bf4 Qd8 10. O-O-O Bg7 11. h4 Nb6 12. Ne5 Be6 13. Kb1 Nbd5 14. Nxd5 Nxd5 15. Bd2 Qb6 16. c3 Bxe5 17. dxe5 h5 18. Qg3 O-O-O 19. Be2 Bf5+ 20. Ka1 Rd7 21. c4 Nb4 22. Bxb4 Rxd1+ 23. Rxd1 Qxb4 24. Qe3 Rd8 25. Rxd8+ Kxd8 26. Bd3 Be6 27. a3 Qb3 28. Qd4+ Kc7 29. g3 Qd1+ 30. Ka2 Bf5 31. e6 Bxd3 32. exf7 Bb1+ 33. Ka1 Qxd4 34. f8=Q Bc2 35. Qxe7+ Qd7 36. Qe5+ Qd6 37. Qg7+ Kb6 38. c5+ Qxc5 0-1

[Event "SVK Extraliga 2019-20"]
[Site "Slovakia"]
[Date "2020.09.06"]
[Round "11.5"]
[White "Varga, Zoltan"]
[Black "Kantorik, Marian"]
[Result "1-0"]
[WhiteElo "2419"]
[BlackElo "2211"]
[Annotator "TA"]
[PlyCount "93"]
[EventDate "2019.10.19"]
[EventType "team-tourn"]
[EventCountry "SVK"]
[SourceTitle "playchess.com"]
[Source "ChessBase"]
[SourceQuality "1"]
[WhiteTeam "Streda"]
[BlackTeam "Dunajov"]

1. e4 e5 2. Nf3 Nc6 3. Bb5 a6 4. Ba4 d6 5. c4 Bd7 6. d4 Nxd4 7. Nxd4 exd4 8. Bxd7+ Qxd7 9. Qxd4 Nf6 10. O-O Be7 11. Nc3 O-O 12. f3 b5 13. Be3 c5 14. Qd3 bxc4 15. Qxc4 Qb7 16. b3 Qb4 17. Qxb4 cxb4 18. Na4 Nd7 19. Rac1 Rfc8 20. Kf2 Kf8 21. Ke2 Ke8 22. f4 Rab8 23. Rfd1 Kd8 24. Nb2 Rxc1 25. Rxc1 Rc8 26. Rxc8+ Kxc8 27. Nc4 Kc7 28. Bd4 Bf6 29. Kd3 Kc6 30. Ne3 Bxd4 31. Kxd4 Nc5 32. g3 a5 33. Nf5 a4 34. bxa4 Nxa4 35. Kc4 Nc3 36. Kxb4 Nxa2+ 37. Kc4 g6 38. Nd4+ Kb6 39. Ne2 Kc6 40. Kb3 Kc5 41. Kxa2 Kc4 42. Kb2 Kd3 43. Nc3 Ke3 44. Nb5 Kxe4 45. Nxd6+ Kf3 46. Nxf7 Kg2 47. Nh6 1-0

[Event "SVK Extraliga 2019-20"]
[Site "Slovakia"]
[Date "2020.09.06"]
[Round "11.5"]
[White "Bures, Jaroslav"]
[Black "Fiacan, Robert"]
[Result "1-0"]
[WhiteElo "2385"]
[BlackElo "2231"]
[Annotator "TA"]
[PlyCount "115"]
[EventDate "2019.10.19"]
[EventType "team-tourn"]
[EventCountry "SVK"]
[SourceTitle "playchess.com"]
[Source "ChessBase"]
[SourceQuality "1"]
[WhiteTeam "Slovan"]
[BlackTeam "Snina"]

1. d4 g6 2. c4 Bg7 3. Nc3 f5 4. Nf3 Nf6 5. Bf4 d6 6. e3 O-O 7. h3 Nc6 8. d5 e5 9. dxe6 Bxe6 10. Ng5 Bc8 11. c5 d5 12. Be2 h6 13. Nf3 Be6 14. Nb5 Ne8 15. Nfd4 Nxd4 16. Nxd4 Bf7 17. g4 Qe7 18. gxf5 Qxc5 19. fxg6 Bxg6 20. Rg1 Qb6 21. Rc1 Rxf4 22. exf4 Bxd4 23. Rxg6+ Qxg6 24. Qxd4 c6 25. Rc3 Qb1+ 26. Bd1 Ng7 27. Rg3 Re8+ 28. Kd2 Re7 29. Qf6 Qe4 30. Re3 Qb4+ 31. Kc1 Rf7 32. Qxh6 Qxf4 33. Qxf4 Rxf4 34. Ra3 a6 35. Rb3 Rf7 36. Bg4 Rc7 37. Kd2 Ne8 38. Ke3 Nd6 39. Kd4 Kf7 40. h4 Ne4 41. Bf5 Nd6 42. Bd3 Ke6 43. Kc5 Nc8 44. h5 b6+ 45. Rxb6 Nxb6 46. Kxb6 Kd6 47. h6 c5 48. h7 Rc8 49. b3 a5 50. Kxa5 Ke5 51. Kb5 Kd4 52. Bf5 Rb8+ 53. Kc6 c4 54. bxc4 dxc4 55. a4 Ke5 56. Bc2 Kd4 57. a5 Kc3 58. Bg6 1-0

[Event "SVK Extraliga 2019-20"]
[Site "Slovakia"]
[Date "2020.09.06"]
[Round "11.5"]
[White "Jablonicky, Martin"]
[Black "Jacko, Vladimir"]
[Result "1-0"]
[WhiteElo "2318"]
[BlackElo "2333"]
[Annotator "TA"]
[PlyCount "69"]
[EventDate "2019.10.19"]
[EventType "team-tourn"]
[EventCountry "SVK"]
[SourceTitle "playchess.com"]
[Source "ChessBase"]
[SourceQuality "1"]
[WhiteTeam "Osuske"]
[BlackTeam "Prakovce"]

1. d4 Nf6 2. c4 d6 3. Nc3 Nbd7 4. Nf3 e5 5. e3 g6 6. Be2 Bg7 7. O-O O-O 8. b4 Re8 9. Bb2 e4 10. Nd2 Nf8 11. Qc2 Bf5 12. a4 h5 13. a5 N8h7 14. a6 b6 15. c5 Ng4 16. cxb6 cxb6 17. Nb5 Qh4 18. Bxg4 hxg4 19. Rfc1 Ng5 20. Qd1 Nf3+ 21. Nxf3 gxf3 22. g3 Qh5 23. Nxd6 Bd7 24. Rc7 Qg4 25. Qf1 Red8 26. Rac1 Be6 27. Nc4 Rd5 28. Ne5 Qh5 29. R1c6 Bxe5 30. dxe5 Rd3 31. Rd6 Rd8 32. Rxa7 Bc4 33. Qxd3 exd3 34. Rxd8+ Kh7 35. e6 1-0

[Event "SVK Extraliga 2019-20"]
[Site "Slovakia"]
[Date "2020.09.06"]
[Round "11.5"]
[White "Vass, Frantisek"]
[Black "Zwardon, Vojtech"]
[Result "0-1"]
[WhiteElo "2310"]
[BlackElo "2455"]
[Annotator "TA"]
[PlyCount "66"]
[EventDate "2019.10.19"]
[EventType "team-tourn"]
[EventCountry "SVK"]
[SourceTitle "playchess.com"]
[Source "ChessBase"]
[SourceQuality "1"]
[WhiteTeam "Podhajska"]

1. d4 Nf6 2. Nf3 e6 3. Nbd2 c5 4. e3 Nc6 5. Bd3 d5 6. O-O c4 7. Be2 b5 8. c3 Bb7 9. a4 a6 10. b4 Bd6 11. Qc2 Qb8 12. axb5 axb5 13. Rxa8 Bxa8 14. h3 Ne7 15. Ne1 Nf5 16. g4 Nh4 17. Ng2 Nxg2 18. Kxg2 g5 19. Rh1 h5 20. Qd1 h4 21. Qc2 Ne4 22. Nxe4 dxe4 23. Bd2 f5 24. Ra1 Bd5 25. Be1 O-O 26. Kg1 Qb7 27. Qa2 Bb8 28. Qa5 Qc6 29. gxf5 Qd6 30. Bh5 Qh2+ 31. Kf1 Qxh3+ 32. Ke2 Qxf5 33. Qxb5 h3 0-1

[Event "SVK Extraliga 2019-20"]
[Site "Slovakia"]
[Date "2020.09.06"]
[Round "11.5"]
[White "Walterova, Ema"]
[Black "Popovic, Martin"]
[Result "0-1"]
[WhiteElo "1802"]
[BlackElo "2017"]
[Annotator "ChessBase"]
[PlyCount "48"]
[EventDate "2019.10.19"]
[EventType "team-tourn"]
[EventCountry "SVK"]
[SourceTitle "playchess.com"]
[Source "ChessBase"]
[SourceQuality "1"]
[BlackTeam "Kosice"]

1. e4 c5 2. Nc3 Nc6 3. g3 g6 4. Bg2 Bg7 5. d3 d6 6. f4 Nf6 7. Nf3 O-O 8. O-O Rb8 9. h3 b5 10. g4 b4 11. Ne2 Nd7 12. Qe1 Qb6 13. Kh1 c4 14. dxc4 Ba6 15. Rg1 Bxc4 16. f5 Nde5 17. Nxe5 Bxe5 18. Nf4 Bd4 19. Nd5 Bxd5 20. exd5 Bxg1 21. dxc6 Bd4 22. Bd5 Qc5 23. Qe4 Rb5 24. Bb3 Qe5 0-1

[Event "SVK Extraliga 2019-20"]
[Site "Slovakia"]
[Date "2020.09.06"]
[Round "11.6"]
[White "Zambor, Norbert"]
[Black "Schwarz, Dusan"]
[Result "0-1"]
[WhiteElo "2262"]
[BlackElo "2297"]
[Annotator "TA"]
[PlyCount "76"]
[EventDate "2019.10.19"]
[EventType "team-tourn"]
[EventCountry "SVK"]
[SourceTitle "playchess.com"]
[Source "ChessBase"]
[SourceQuality "1"]
[WhiteTeam "Prakovce"]
[BlackTeam "Modra"]

1. e4 c5 2. Nf3 d6 3. Bb5+ Nc6 4. O-O Bg4 5. d3 e6 6. c3 a6 7. Bxc6+ bxc6 8. h3 Bh5 9. d4 cxd4 10. cxd4 Nf6 11. Nbd2 Be7 12. Qc2 Rc8 13. Re1 O-O 14. Qd3 Qb6 15. b3 d5 16. Ne5 Rfd8 17. Bb2 Bb4 18. g4 Bg6 19. Nxg6 hxg6 20. e5 Ne4 21. Nxe4 Bxe1 22. Nd6 Rxd6 23. Ba3 Rd7 24. Rxe1 Qa5 25. b4 Qb5 26. Qd2 Ra7 27. Rc1 a5 28. bxa5 Qxa5 29. Rc3 Rca8 30. Kg2 Ra6 31. Bc5 Qxa2 32. Qf4 Rb8 33. Rf3 Rb7 34. Qg5 Ra8 35. h4 Qc2 36. Rf4 Qd3 37. h5 Rb3 38. f3 Rb2+ 0-1

[Event "SVK Extraliga 2019-20"]
[Site "Slovakia"]
[Date "2020.09.06"]
[Round "11.6"]
[White "Lisko, Frantisek"]
[Black "Czebe, Attila"]
[Result "0-1"]
[WhiteElo "2223"]
[BlackElo "2379"]
[Annotator "TA"]
[PlyCount "64"]
[EventDate "2019.10.19"]
[EventType "team-tourn"]
[EventCountry "SVK"]
[SourceTitle "playchess.com"]
[Source "ChessBase"]
[SourceQuality "1"]
[WhiteTeam "Dunajov"]
[BlackTeam "Streda"]

1. d4 d6 2. e4 g6 3. Nc3 a6 4. Be3 b5 5. Qd2 Bb7 6. f3 Nd7 7. O-O-O Nb6 8. h4 Nf6 9. Nh3 c6 10. g4 h5 11. Nf2 Qc7 12. b3 Bg7 13. Kb1 O-O-O 14. g5 Nfd7 15. f4 Kb8 16. Bg2 c5 17. Ne2 Rc8 18. c3 a5 19. Rhg1 c4 20. Kc2 b4 21. Rb1 Ba6 22. Nd1 Qa7 23. f5 cxb3+ 24. axb3 a4 25. Nf4 bxc3 26. Nxc3 Rxc3+ 27. Kxc3 Rc8+ 28. Kb4 axb3 29. Rxb3 Bc4 30. Ra3 Nd5+ 31. Nxd5 Qb7+ 32. Kc3 Bxd5+ 0-1